000 01011nam a2200265Ia 4500
003 OSt
005 20221005104839.0
006 a|||||r|||| 00| 0
007 ta
008 221004b |||||||| |||| 00| 0 san d
020 _a9789386402110 (hbk)
_cINR 400.00
024 _a44863
037 _b1401, 08/02/2019, Shivanjali Prakashan & Book Seller
_cTextual
040 _aCRL
_cCRL
_bsan
041 _2san
_asan
082 _aQ1:g, 152Q7
100 _aशर्मा, भक्तवत्सल, ले.
245 0 _aवेदों की लोकोपयोगी दृष्टि
246 _aVedoan kī lokopayogī dṛuṣhṭi
260 _aदिल्ली
_bश्रीसाहित्य प्रकाशन भारत
_c2017
300 _a160पृ0
_ccm.
650 _aवेद
942 _hQ1:g, 152Q7
_cTEXL
_2cc
999 _c1013967
_d1013967